[Event "FICGS rapid SM 000025 email"]
[Site "FICGS email"]
[Date "2021.09.10"]
[Round "1"]
[White "Kireev, Sergey Ivanovich"]
[Black "Wosch, Arkadiusz"]
[Result "1-0"]
[WhiteElo "2308"]
[BlackElo "2414"]
[PlyCount "77"]
[EventDate "2021.??.??"]
[EventType "tourn (rapid)"]
[EventRounds "1"]
[SourceTitle "Corr 2024"]
[Source "ChessBase"]
[SourceDate "2023.10.19"]
[SourceVersion "1"]
[SourceVersionDate "2023.10.19"]
[SourceQuality "1"]

1. e4 c5 2. Nf3 Nc6 3. d4 cxd4 4. Nxd4 Nf6 5. Nc3 d6 6. Bg5 e6 7. Qd2 a6 8. Nxc6 bxc6 9. 0-0-0 h6 10. Bf4 d5 11. Qe3 Bb4 12. Be2 0-0 13. e5 Nh7 14. Ne4 Qh4 15. a3 Ba5 16. g3 Qe7 17. Nd6 Bc7 18. h4 f6 19. Rhe1 fxe5 20. Nxc8 Raxc8 21. Bxe5 Bxe5 22. Qxe5 Rxf2 23. Bxa6 Ra8 24. Rf1 Rxf1 25. Bxf1 Nf8 26. Bh3 Re8 27. Re1 c5 28. c4 d4 29. Kb1 Kh8 30. Bf5 Rc8 31. Bd3 Kg8 32. Ka2 Qc7 33. Qxc7 Rxc7 34. b4 Kf7 35. Kb3 Nd7 36. b5 Kf6 37. g4 g5 38. hxg5+ hxg5 39. Rh1 1-0

[Event "FICGS rapid silver 000275 email"]
[Site "FICGS email"]
[Date "2021.08.05"]
[Round "1"]
[White "Brand Lyard, Paul"]
[Black "Kireev, Sergey Ivanovich"]
[Result "0-1"]
[WhiteElo "1777"]
[BlackElo "2319"]
[PlyCount "34"]
[EventDate "2021.??.??"]
[EventType "match (rapid)"]
[EventRounds "2"]
[SourceTitle "Corr 2022"]
[Source "ChessBase"]
[SourceDate "2021.10.24"]
[SourceVersion "1"]
[SourceVersionDate "2021.10.24"]
[SourceQuality "1"]

1. a4 e5 2. h4 d5 3. e3 Nc6 4. Bb5 Nf6 5. Bxc6+ bxc6 6. b3 Bd6 7. Bb2 0-0 8. h5 h6 9. Nf3 Bg4 10. Nc3 e4 11. Rh4 exf3 12. Rxg4 Nxg4 13. Qxf3 Qg5 14. Qh3 Rfe8 15. f3 Nxe3 16. dxe3 Qxe3+ 17. Kd1 Qe1# 0-1

[Event "FICGS rapid silver 000276 email"]
[Site "FICGS email"]
[Date "2021.08.05"]
[Round "1"]
[White "Brand Lyard, Paul"]
[Black "Kireev, Sergey Ivanovich"]
[Result "0-1"]
[WhiteElo "1777"]
[BlackElo "2319"]
[PlyCount "28"]
[EventDate "2021.??.??"]
[EventType "match (rapid)"]
[EventRounds "2"]
[SourceTitle "Corr 2022"]
[Source "ChessBase"]
[SourceDate "2021.10.24"]
[SourceVersion "1"]
[SourceVersionDate "2021.10.24"]
[SourceQuality "1"]

1. Nh3 d5 2. Ng1 e5 3. e3 Nc6 4. Bb5 Qg5 5. g3 a6 6. Bxc6+ bxc6 7. Nf3 Qh5 8. 0-0 Bg4 9. h4 Bxf3 10. Qe1 e4 11. d4 Qg4 12. Nd2 Qh3 13. Nxf3 exf3 14. Qa5 Qg2# 0-1

[Event "FICGS rapid silver 000274 email"]
[Site "FICGS email"]
[Date "2021.07.30"]
[Round "1"]
[White "Brand Lyard, Paul"]
[Black "Kireev, Sergey Ivanovich"]
[Result "0-1"]
[WhiteElo "1777"]
[BlackElo "2319"]
[PlyCount "58"]
[EventDate "2021.??.??"]
[EventType "match (rapid)"]
[EventRounds "2"]
[SourceTitle "Corr 2022"]
[Source "ChessBase"]
[SourceDate "2021.10.24"]
[SourceVersion "1"]
[SourceVersionDate "2021.10.24"]
[SourceQuality "1"]

1. e4 c5 2. Nc3 a6 3. g3 b5 4. Nf3 e6 5. Bg2 Bb7 6. d3 d6 7. 0-0 Nd7 8. Be3 Be7 9. d4 b4 10. Ne2 Bxe4 11. c3 Ngf6 12. dxc5 dxc5 13. cxb4 cxb4 14. Nfd4 Bxg2 15. Kxg2 Qb6 16. Rc1 Bc5 17. Qa4 0-0 18. Qc6 Qxc6+ 19. Nxc6 Bxe3 20. fxe3 Ng4 21. Kh3 f5 22. Rf4 g5 23. Rxb4 Nxe3 24. Rc3 g4+ 25. Kh4 Ng2+ 26. Kg5 Kg7 27. Rb7 Rf7 28. Nf4 h6+ 29. Kh5 Nf6# 0-1

[Event "FICGS rapid silver 000274 email"]
[Site "FICGS email"]
[Date "2021.07.30"]
[Round "2"]
[White "Kireev, Sergey Ivanovich"]
[Black "Brand Lyard, Paul"]
[Result "1-0"]
[WhiteElo "2319"]
[BlackElo "1777"]
[PlyCount "97"]
[EventDate "2021.??.??"]
[EventType "match (rapid)"]
[EventRounds "2"]
[SourceTitle "Corr 2022"]
[Source "ChessBase"]
[SourceDate "2021.10.24"]
[SourceVersion "1"]
[SourceVersionDate "2021.10.24"]
[SourceQuality "1"]

1. e4 e5 2. Nf3 Nf6 3. Nxe5 Nxe4 4. Qe2 Qe7 5. Qxe4 d6 6. d4 f5 7. Qf4 Nc6 8. Bb5 Bd7 9. Bxc6 Bxc6 10. 0-0 dxe5 11. Qxf5 g6 12. Qxe5 Qxe5 13. dxe5 Bg7 14. Nc3 0-0-0 15. Bg5 Rd4 16. Bf6 Bxf6 17. exf6 Rd2 18. Rac1 Rd6 19. Rfe1 Rxf6 20. f3 Rd8 21. Rcd1 Rxd1 22. Rxd1 Bd7 23. Nd5 Ra6 24. a3 c5 25. Kf2 b5 26. h4 Rd6 27. Rd3 c4 28. Rd1 Bf5 29. Ne7+ Kc7 30. Rxd6 Kxd6 31. Nxf5+ gxf5 32. g4 f4 33. Ke2 Kd5 34. Kd2 Ke5 35. Kc3 Kd5 36. h5 a5 37. h6 Ke5 38. a4 bxa4 39. Kxc4 Kf6 40. Kd5 Kg5 41. c4 Kxh6 42. c5 Kg6 43. c6 h5 44. c7 h4 45. Ke6 h3 46. c8Q h2 47. Qg8+ Kh6 48. Kf5 h1Q 49. Qg6# 1-0

[Event "FICGS rapid silver 000273 email"]
[Site "FICGS email"]
[Date "2021.07.16"]
[Round "2"]
[White "Kireev, Sergey Ivanovich"]
[Black "Wilson, Norman"]
[Result "1/2-1/2"]
[WhiteElo "2319"]
[BlackElo "2036"]
[PlyCount "55"]
[EventDate "2021.??.??"]
[EventType "match (rapid)"]
[EventRounds "2"]
[SourceTitle "Corr 2022"]
[Source "ChessBase"]
[SourceDate "2021.10.24"]
[SourceVersion "1"]
[SourceVersionDate "2021.10.24"]
[SourceQuality "1"]

1. d4 Nf6 2. c4 c6 3. Nf3 e6 4. Bf4 d5 5. e3 Bd6 6. Bxd6 Qxd6 7. Nc3 Nbd7 8. cxd5 exd5 9. Bd3 Nb6 10. h3 0-0 11. 0-0 Be6 12. Re1 Rfe8 13. a3 Qe7 14. Qc2 a6 15. Nd2 g6 16. b4 Nc8 17. e4 dxe4 18. Ncxe4 Nxe4 19. Nxe4 Nd6 20. Nc5 Qh4 21. Nxe6 Rxe6 22. Rxe6 fxe6 23. Re1 Re8 24. Qc3 Qf6 25. Re5 Nf7 26. Re4 Nd6 27. Re3 Rf8 28. Qe1 1/2-1/2

[Event "WC-2021-S-00001"]
[Site "LSS email"]
[Date "2021.05.24"]
[Round "?"]
[White "Broniek, Mariusz Maciej"]
[Black "Kireev, Sergey Ivanovich"]
[Result "1/2-1/2"]
[WhiteElo "2452"]
[BlackElo "2399"]
[PlyCount "50"]
[EventDate "2021.05.24"]
[EventType "tourn (corr)"]
[EventRounds "12"]
[EventCountry "GER"]
[SourceTitle "Corr 2024"]
[Source "ChessBase"]
[SourceDate "2023.10.19"]
[SourceVersion "1"]
[SourceVersionDate "2023.10.19"]
[SourceQuality "1"]

1. d4 d5 2. c4 c6 3. Nf3 Nf6 4. e3 Bf5 5. Nc3 e6 6. Nh4 Bg6 7. Be2 Nbd7 8. 0-0 Bd6 9. g3 0-0 10. Nxg6 hxg6 11. Qb3 Rb8 12. Rd1 b5 13. c5 Bc7 14. f4 Ba5 15. a4 b4 16. Nb1 Ne4 17. Nd2 g5 18. Nxe4 dxe4 19. Bc4 gxf4 20. exf4 Qf6 21. g4 Rfd8 22. Be3 Qh4 23. g5 Qg4+ 24. Kh1 Qf3+ 25. Kg1 Qg4+ 1/2-1/2

[Event "FICGS rapid silver 000269 email"]
[Site "FICGS email"]
[Date "2021.03.24"]
[Round "1"]
[White "Johnson, Steven"]
[Black "Kireev, Sergey Ivanovich"]
[Result "1/2-1/2"]
[WhiteElo "1900"]
[BlackElo "2350"]
[PlyCount "92"]
[EventDate "2021.??.??"]
[EventType "match (rapid)"]
[EventRounds "2"]
[SourceTitle "Corr 2022"]
[Source "ChessBase"]
[SourceDate "2021.10.24"]
[SourceVersion "1"]
[SourceVersionDate "2021.10.24"]
[SourceQuality "1"]

1. d4 Nf6 2. Nc3 d5 3. Bf4 e6 4. e3 Bb4 5. Nge2 0-0 6. a3 Be7 7. Nc1 c5 8. dxc5 Bxc5 9. Nb3 Be7 10. h3 Nbd7 11. Bd3 b6 12. Qe2 Bb7 13. 0-0 Nc5 14. Rfd1 Nfd7 15. Bg3 Nxd3 16. cxd3 Nc5 17. Nd4 Bf6 18. Rab1 Bxd4 19. exd4 Nb3 20. Qe3 Bc6 21. Ne2 Ba4 22. Re1 Rc8 23. Nc1 Qd7 24. Bf4 Nxc1 25. Rbxc1 Rxc1 26. Qxc1 Rc8 27. Qe3 Rc2 28. Rc1 h6 29. Be5 f6 30. Rxc2 Bxc2 31. Bg3 Ba4 32. f3 Qc8 33. Qd2 Be8 34. h4 Bg6 35. Kf2 Kh7 36. Ke1 h5 37. Ke2 Qe8 38. Qc3 Bf5 39. Qc7 Qb5 40. Qc2 Kg8 41. Bb8 Qd7 42. Kd2 Kh7 43. Bg3 Bg6 44. Bh2 Bf5 45. Ke2 Kg8 46. Kd2 a5 1/2-1/2